000 00736nam a22001937a 4500
999 _c15754
_d15754
003 OSt
005 20201118093855.0
008 181213b ||||| |||| 00| 0 eng d
022 _a0730-3084
040 _c0
082 _aDPer 613.705 J863 Sept 2015-Apr 2016 v. 86-87
100 _a
_942566
245 _a What is the impact of a sport education curriculum model on students' motivation in physical education and leisure-time physical activity/
_b
_cEdited by Vicki Ebbeck.
260 _aPhiladelphia:
_bShape America-Society of Health and Physical Educators,
_c©Sept 2015-Apr 2016.
300 _av86, n8, page 55:
_billustrations;
_c28 cm.
500 _aJOPERD
650 _aSports
_xPhysical education.
_933110
942 _2ddc
_cPER